[Event "Provincial-ch Moncofa"]
[Site "Moncofa"]
[Date "2013.10.19"]
[Round "3"]
[White "Ballester Clausell, David"]
[Black "Lopez Benlloch, Vicente"]
[Result "1/2-1/2"]
[WhiteElo "1837"]
[BlackElo "1580"]
[PlyCount "56"]
[EventDate "2013.10.05"]
[EventType "swiss"]
[EventRounds "7"]
[EventCountry "ESP"]
[SourceTitle "EXT 2024"]
[Source "ChessBase"]
[SourceDate "2023.10.10"]
[SourceVersion "1"]
[SourceVersionDate "2023.10.10"]
[SourceQuality "1"]

1. c4 Nf6 2. Nc3 e6 3. g3 Nc6 4. Bg2 b6 5. a3 a5 6. Rb1 Rb8 7. d3 Bb7 8. Nf3 Be7 9. 0-0 0-0 10. Bg5 h6 11. Bf4 d6 12. d4 d5 13. cxd5 Nxd5 14. Nxd5 exd5 15. Rc1 Rc8 16. Ne5 Nxe5 17. Bxe5 Bd6 18. Bxd6 Qxd6 19. Qb3 Rfe8 20. e3 Re7 21. Rc3 c5 22. dxc5 Rxc5 23. Rfc1 Rec7 24. Rxc5 Rxc5 25. Rd1 Qc6 26. Qd3 Rc1 27. Qd2 Rc2 28. Qd4 Rc1 1/2-1/2

[Event "Provincial-ch Moncofa"]
[Site "Moncofa"]
[Date "2013.10.05"]
[Round "2"]
[White "Lopez Benlloch, Vicente"]
[Black "Moran Marzal, Francisco Javier"]
[Result "1/2-1/2"]
[WhiteElo "1580"]
[BlackElo "1815"]
[PlyCount "109"]
[EventDate "2013.10.05"]
[EventType "swiss"]
[EventRounds "7"]
[EventCountry "ESP"]
[SourceTitle "EXT 2024"]
[Source "ChessBase"]
[SourceDate "2023.10.10"]
[SourceVersion "1"]
[SourceVersionDate "2023.10.10"]
[SourceQuality "1"]

1. e4 d5 2. exd5 Qxd5 3. Nc3 Qa5 4. d4 Nf6 5. Bd2 c6 6. Nf3 Bf5 7. Bc4 e6 8. Ne4 Qd8 9. Ng3 Bg4 10. c3 Bd6 11. 0-0 0-0 12. Be2 Qc7 13. Ne5 Bxe2 14. Qxe2 Nbd7 15. Bf4 Nd5 16. Bd2 Nxe5 17. dxe5 Bxe5 18. Rae1 Bf4 19. Bxf4 Nxf4 20. Qg4 Ng6 21. Rd1 Rad8 22. Qg5 Qe7 23. Qxe7 Nxe7 24. Ne4 b6 25. f3 c5 26. Kf2 Nc6 27. Ke2 Rxd1 28. Rxd1 Rd8 29. Rxd8+ Nxd8 30. Ke3 Kf8 31. Nd6 Nc6 32. Ne4 Ke7 33. g4 f5 34. Nf2 Kf6 35. h3 g5 36. gxf5 exf5 37. f4 h5 38. fxg5+ Kxg5 39. Nd3 Ne7 40. Kf3 Ng6 41. Kg3 Kf6 42. h4 Ke6 43. c4 Kf6 44. b3 Ke6 45. a3 Kf6 46. b4 cxb4 47. axb4 a5 48. c5 a4 49. cxb6 a3 50. b7 a2 51. b8Q a1Q 52. Qd6+ Kf7 53. Qd7+ Kf6 54. Qd8+ Kf7 55. Qd7+ 1/2-1/2

[Event "Andalucia-ch Seniors"]
[Site "Almeria"]
[Date "2009.10.10"]
[Round "5.3"]
[White "Lopez Benlloch, Vicente"]
[Black "Alonso Igual, Ignacio"]
[Result "1-0"]
[WhiteElo "1566"]
[BlackElo "1864"]
[PlyCount "61"]
[EventDate "2009.10.08"]
[EventType "swiss"]
[EventRounds "6"]
[EventCountry "ESP"]
[SourceTitle "EXT 2024"]
[Source "ChessBase"]
[SourceDate "2023.10.10"]
[SourceVersion "1"]
[SourceVersionDate "2023.10.10"]
[SourceQuality "1"]

1. e4 c6 2. Nf3 d5 3. exd5 cxd5 4. d4 Nc6 5. Be2 Bf5 6. c3 Qb6 7. Nbd2 Nf6 8. Nh4 Bd7 9. Nb3 e6 10. 0-0 h6 11. Nf3 Bd6 12. h3 0-0-0 13. Be3 g5 14. Ne5 Rdf8 15. c4 Qc7 16. cxd5 Nxd5 17. Rc1 Nxe3 18. fxe3 Bxe5 19. dxe5 Qxe5 20. Nc5 Qc7 21. b4 a6 22. a4 Kd8 23. b5 axb5 24. axb5 Ne5 25. Nxe6+ fxe6 26. Rxf8+ Rxf8 27. Rxc7 Kxc7 28. Qc2+ Kb6 29. Qc3 Rf5 30. Qd4+ Kc7 31. e4 1-0

[Event "Andalucia-ch Seniors"]
[Site "Almeria"]
[Date "2009.10.09"]
[Round "3.2"]
[White "Lopez Benlloch, Vicente"]
[Black "Cortes Recaman, Manuel"]
[Result "1-0"]
[WhiteElo "1566"]
[BlackElo "1850"]
[PlyCount "61"]
[EventDate "2009.10.08"]
[EventType "swiss"]
[EventRounds "6"]
[EventCountry "ESP"]
[SourceTitle "EXT 2024"]
[Source "ChessBase"]
[SourceDate "2023.10.10"]
[SourceVersion "1"]
[SourceVersionDate "2023.10.10"]
[SourceQuality "1"]

1. e4 c5 2. Nf3 e6 3. d4 cxd4 4. Nxd4 Nf6 5. Nc3 Nc6 6. Ndb5 d5 7. Bf4 e5 8. Bg5 Be7 9. Bxf6 gxf6 10. Nxd5 Kf8 11. Qd2 h5 12. 0-0-0 a6 13. Nbc3 b5 14. Nxe7 Kxe7 15. g3 Be6 16. Bg2 Nd4 17. Nd5+ Kf8 18. c3 Rc8 19. Kb1 Nc6 20. f4 Bg4 21. Rc1 Na5 22. f5 Nc4 23. Qe1 h4 24. h3 Bh5 25. g4 Bg6 26. fxg6 fxg6 27. Rf1 Kg7 28. Rxf6 a5 29. Qf2 Rb8 30. g5 Rh5 31. Qa7+ 1-0

[Event "Andalucia-ch Seniors"]
[Site "Almeria"]
[Date "2009.10.08"]
[Round "1.4"]
[White "Lopez Benlloch, Vicente"]
[Black "Benavent Espi, Vicente"]
[Result "1/2-1/2"]
[WhiteElo "1566"]
[BlackElo "1997"]
[PlyCount "109"]
[EventDate "2009.10.08"]
[EventType "swiss"]
[EventRounds "6"]
[EventCountry "ESP"]
[SourceTitle "EXT 2024"]
[Source "ChessBase"]
[SourceDate "2023.10.10"]
[SourceVersion "1"]
[SourceVersionDate "2023.10.10"]
[SourceQuality "1"]

1. e4 Nf6 2. Nc3 d5 3. exd5 Nxd5 4. Nf3 e6 5. Be2 c5 6. 0-0 Nc6 7. Nxd5 Qxd5 8. b3 Bd6 9. Bb2 0-0 10. c4 Qh5 11. g3 f6 12. Nd4 Qe8 13. Nxc6 Qxc6 14. Bf3 Qc7 15. Re1 Bd7 16. d4 cxd4 17. Qxd4 Be5 18. Qd2 Bxb2 19. Qxb2 Bc6 20. Qe2 e5 21. Rad1 Rad8 22. Qe3 Bxf3 23. Qxf3 Qc6 24. Qxc6 bxc6 25. c5 Kf7 26. f3 Ke7 27. Kf2 Rxd1 28. Rxd1 Rd8 29. Rxd8 Kxd8 30. Ke3 Ke7 31. b4 Ke6 32. a4 Kd5 33. Kd3 f5 34. h4 g6 35. g4 fxg4 36. fxg4 h6 37. Ke3 Kc4 38. Ke4 Kxb4 39. Kxe5 Kxc5 40. Kf6 Kb4 41. Kxg6 c5 42. g5 hxg5 43. hxg5 c4 44. Kf6 c3 45. g6 c2 46. g7 c1Q 47. g8Q Qf4+ 48. Ke7 Qe5+ 49. Kd7 Qd4+ 50. Kc7 Qc4+ 51. Qxc4+ Kxc4 52. a5 Kb5 53. a6 Kxa6 54. Kc6 Ka5 55. Kc5 1/2-1/2